| 000 | 00747nam a22002057a 4500 | ||
|---|---|---|---|
| 003 | BD-DhUL | ||
| 005 | 20211107132513.0 | ||
| 008 | 210908s2021 bg a|||| |||| 00| 0 ben | ||
| 020 | _a9789840426522 ( hbk) | ||
| 040 |
_aBD-DhUL _cBD-DhUL |
||
| 082 |
_a891.44 _bHYB |
||
| 100 | 1 | _aহাই, হাসনাত আবদুল | |
| 245 | 1 | 0 |
_aবঙ্গবন্ধু-মুক্তিযুদ্ধ / _cহাসনাত আবদুল হাই । |
| 260 |
_aঢাকা : _bআগামী, _c২০২১ । |
||
| 300 |
_a১৭৬ পৃ. : _bচিত্র ; _c২২ সেমি. |
||
| 365 |
_aBDT _b400.00 |
||
| 650 | 4 | _aবাংলা সাহিত্য । | |
| 650 | 4 | _aBengali literature. | |
| 942 |
_2ddc _cBK |
||
| 999 |
_c254400 _d254400 |
||